00695naa a2200121 i 450000100060000000300090000600500170001500800410003204000290007310001110010224501030021377302570031610414KOSZ 00520180421120611.0180316s2008 pl ||||f |||| 00| 0 pol d aKOSZ 005/HRcKOSZ 005/HR1 aROSA, Anna.d2001 - .bPolitechnika Koszalińska - Instytut Ekonomii i Zarządzania,cZakład Finansów10aZnaczenie specjalnej strefy ekonomicznej w Słupsku dla rozwoju Pomorza Środkowego /cAnna Rosa.0 iW :tPomorze Środkowe - społeczeństwo, wieś, gospodarka : wybrane problemy / [red. nauk. Danuta Zawadzka]. -dKoszalin : Polskie Towarzystwo Ekonomiczne. Oddział : Fundacja Nauka dla Środowiska. Politechnika Koszalińska, 2008. -gs. 215-228